000 00306nam a2200121 a 4500
005 20140414093838.0
008 110322s19uu xx uuu eng d
050 _aCT
_bKUN
245 _aBest of classic kundiman :
_bvol.2.
260 _aPhilippines :
_bAquarius Records.
942 _cAVM
999 _c109145
_d109145